日本語話者の多い都市 A–Z - Statistics

General Stats
  • This quiz has been taken 36 times
  • The average score is 20 of 22
Answer Stats
人口 地域 ヒント 答え % Correct
C 98.5万 関東地方 幕張メッセがあり、世界最長の懸垂式モノレールが走る 千葉市
100%
E 14.1万 関東地方 日本で最も有名な高速道路の休憩所「海老名サービスエリア」で知られる 海老名市
100%
F 160万 九州地方 屋台文化と、濃厚な豚骨スープの博多ラーメンで有名 福岡市
100%
H 120万 中国地方 原爆ドームと、近くの宮島の海に浮かぶ鳥居がある 広島市
100%
N 230万 中部地方 日本の自動車産業の中心(トヨタ)。金の鯱で有名な城がある 名古屋市
100%
O 280万 関西地方 「天下の台所」と呼ばれ、たこ焼きなどの屋台文化の精神的中心 大阪市
100%
S 200万 北海道 雪まつり、同名のビール工場、1972年のアジア初の冬季五輪開催地 札幌市
100%
T 1430万 関東地方 旧名は江戸。世界的に有名な渋谷スクランブル交差点がある 東京市
100%
U 51.5万 関東地方 日本一の餃子の街で、巨大な餃子型石像がある 宇都宮市
100%
W 35.1万 関西地方 紀州梅(梅干し)と独特なラーメンで有名な海沿いの都市 和歌山市
100%
Y 380万 関東地方 日本で最初に外国貿易港として開港し、世界最大級の中華街がある 横浜市
100%
M 50.5万 四国地方 日本最古級の温泉「道後温泉」があり、映画『千と千尋の神隠し』の着想源 松山市
97%
B 11.3万 九州地方 文句なしの温泉の都。色鮮やかな火山噴出口「地獄めぐり」で有名 別府市
94%
G 40万 中部地方 織田信長と深く関わりがあり、長良川の鵜飼(1300年以上の伝統)で有名 岐阜市
94%
R 75,000 関東地方 名称は「竜の岬」を意味し、ウナギ料理で有名な牛久沼がある 龍ヶ崎市
90%
K 150万 関東地方 金山神社の「かなまら祭り(鉄の男根祭り)」と藤子・F・不二雄ミュージアムで有名 川崎市
87%
P 3,400 北海道 1980年代の「ピップエレキバン」のユーモラスなCMで全国的に有名に 比布町
84%
I 49.3万 関東地方 千葉県の都市 市川市
81%
J 18.9万 中部地方 戦国武将・上杉謙信の本拠地で、オーストリア人将校により日本にスキーが伝えられた地 上越市
81%
A 45.6万 関西地方 かつての城下町で、歴史ある「寺町(寺院地区)」で有名 尼崎市
77%
D 11.8万 関西地方 野崎観音と、にぎやかな春の「野崎参り」で有名 大東市
68%
Z 13.1万 関東地方 大規模な米軍基地があり、巨大なひまわり祭りで世界的に有名 座間市
65%
No matching quizzes found
Score Distribution
Percent of People with Each Score
Percentile by Number Answered
Your Score History
You have not taken this quiz